00361nam a2200121Ia 4500008004100000082001600041100002200057245001700079300001900096942000700115999001900122952009800141230907s9999||||xx |||||||||||||| ||und|| a576.82bMEY aMeyer, Stephen C. 0aExplosives / axiii, 430 p. : cBK c599363d599363 00104070aCAS-EbCAS-Ed2019-08-17l0o576.82 MEYpCAS-E0003462r2023-09-12w2023-09-12yBK